| 000 | 00548nam a22002057a 4500 | ||
|---|---|---|---|
| 003 | OSt | ||
| 005 | 20160106122140.0 | ||
| 008 | 130308t xxu||||| |||| 00| 0 eng d | ||
| 020 | _a0321104765 | ||
| 050 |
_aPE 1479 _b.B261 2003 |
||
| 082 |
_aIB 808.0668 _bB26 2003 |
||
| 100 | _aBarnet, Sylvan | ||
| 245 |
_aA short guide to writing about literature _cSylvan Barnet, William E. Cain |
||
| 250 | _a9th ed. | ||
| 260 |
_aNew York : _bLongman, _cc2003. |
||
| 300 |
_axvii, 382 p. : _c21 cm. |
||
| 562 | _e1 | ||
| 942 |
_2lcc _cBK |
||
| 999 |
_c2225 _d2225 |
||